[Event "GER Pfingstopen U12"]
[Site "Playchess.com INT"]
[Date "2020.06.02"]
[Round "4"]
[White "Rudolph, Konrad"]
[Black "Braeutigam, Alexander"]
[Result "0-1"]
[WhiteElo "1620"]
[BlackElo "1671"]
[PlyCount "134"]
[EventDate "2020.06.02"]
[EventType "swiss (blitz)"]
[EventRounds "11"]
[EventCountry "GER"]
[SourceTitle "CBM 197 Extra"]
[Source "ChessBase"]
[SourceDate "2020.09.30"]
[SourceVersion "1"]
[SourceVersionDate "2020.09.30"]
[SourceQuality "1"]

1. d4 Nf6 2. c4 e6 3. Nf3 b6 4. g3 Bb7 5. Bg2 Be7 6. 0-0 0-0 7. Nc3 d5 8. cxd5 Nxd5 9. Nxd5 Bxd5 10. Bf4 Nd7 11. Qc2 Rc8 12. e4 Bb7 13. Rfe1 c5 14. Qa4 cxd4 15. Qxa7 Nc5 16. Qa3 Nxe4 17. Qd3 Nc5 18. Qxd4 Qxd4 19. Nxd4 Bxg2 20. Kxg2 Rfd8 21. Rad1 Bf6 22. Nf3 Bxb2 23. Rb1 Nd3 24. Re2 Nxf4+ 25. gxf4 Bf6 26. Rxb6 Ra8 27. Ne5 Bxe5 28. fxe5 g6 29. Reb2 Ra5 30. f4 Rda8 31. Rb8+ Kg7 32. Rxa8 Rxa8 33. Kf3 Ra4 34. Ke3 h6 35. Kf3 g5 36. fxg5 hxg5 37. Kg3 Ra5 38. Re2 Kg6 39. h4 Ra3+ 40. Kh2 gxh4 41. Rf2 Ra5 42. Rg2+ Kh5 43. Rg7 Rxa2+ 44. Kg1 Ra7 45. Kg2 Kh6 46. Rg4 Ra5 47. Rxh4+ Kg5 48. Rh7 Kg6 49. Rh8 Rxe5 50. Rg8+ Kf5 51. Rf8 f6 52. Kf3 Ra5 53. Rh8 Ra3+ 54. Kf2 Ke5 55. Rb8 f5 56. Rb5+ Kf6 57. Rb6 f4 58. Rc6 Kf5 59. Rc5+ e5 60. Rc8 Ra2+ 61. Kf1 f3 62. Rf8+ Ke4 63. Rb8 Ke3 64. Rb3+ Kf4 65. Rb4+ e4 66. Rb8 Ra1+ 67. Kf2 e3# 0-1

[Event "GER Pfingstopen U12"]
[Site "Playchess.com INT"]
[Date "2020.06.02"]
[Round "7"]
[White "Ruettinger, Max"]
[Black "Rudolph, Konrad"]
[Result "0-1"]
[WhiteElo "1165"]
[BlackElo "1620"]
[PlyCount "104"]
[EventDate "2020.06.02"]
[EventType "swiss (blitz)"]
[EventRounds "11"]
[EventCountry "GER"]
[SourceTitle "CBM 197 Extra"]
[Source "ChessBase"]
[SourceDate "2020.09.30"]
[SourceVersion "1"]
[SourceVersionDate "2020.09.30"]
[SourceQuality "1"]

1. e4 Nf6 2. Nc3 d5 3. e5 Ne4 4. Nxe4 dxe4 5. Bc4 Qd4 6. Bb5+ c6 7. Ba4 Qxa4 8. d3 exd3 9. Qxd3 Qa5+ 10. Bd2 Qxe5+ 11. Ne2 Qd5 12. Qc3 Qxg2 13. 0-0-0 Qxf2 14. Nd4 e6 15. Nb3 Nd7 16. Rhf1 Qxh2 17. Qf3 Nf6 18. Ba5 Qh6+ 19. Kb1 Be7 20. Rd3 0-0 21. Bc3 Qh5 22. Qg2 Rd8 23. Rxd8+ Bxd8 24. Bxf6 Bxf6 25. Rxf6 Qd1+ 26. Nc1 Qd5 27. Qxd5 exd5 28. Rd6 Be6 29. Nd3 h6 30. b3 Re8 31. Kb2 Re7 32. Rd8+ Kh7 33. Ra8 b6 34. a3 f5 35. Ne5 Bd7 36. Rxa7 Rxe5 37. Rxd7 f4 38. Rf7 Re4 39. Kc3 Kg6 40. Rf8 h5 41. Kd2 h4 42. Rc8 f3 43. Rxc6+ Kg5 44. Rc8 f2 45. Rf8 Rf4 46. Rxf4 Kxf4 47. Ke2 Kg3 48. Kf1 Kf3 49. c4 dxc4 50. bxc4 h3 51. a4 h2 52. a5 h1Q# 0-1